| 000 | 00898cam a22002054a 4500 | ||
|---|---|---|---|
| 005 | 20250605164003.0 | ||
| 008 | 250528s ||||||||||||||||||||||||d | ||
| 035 | _a15704 | ||
| 020 | _a33394867 | ||
| 040 |
_aGR-AtMCL _bgre _dGR-AtMCL _eAACR2 |
||
| 245 | 1 | _aUnderstanding the European Union / A Concise Introduction | |
| 250 | _a2nd | ||
| 260 |
_bPalgrave Macmillan, _c2002 |
||
| 300 | _a240 | ||
| 520 | _aA broad-ranging survey of how the EU works. Introduction, Acknowledgements, What is the European Union?, The Idea of Europe, The Evolution of the EU, The Institutions of the EU, The EU and the Member States, The EU and Its Citizens, Economic Integration, The EU and the World, Appendix: A Chronology of European Integration - 1944-2002, Sources of Further Information, Bibliography, Index. | ||
| 700 | 1 |
_aMccormick John _91673 |
|
| 942 | _cBK | ||
| 999 |
_c1263 _d1263 |
||